000 00824nam a2200229 i 4500
001 26803
003 ES-MaACL
005 20250905135256.0
007 t|
008 030110s1904 fr ||||1| fre d
080 _a821.133.1-39"12"
245 0 0 _aAventures merveilleuses de Huon de Bordeaux pair de France et de la Belle Esclarmonde ainsi que du petit roy de Féerie Auberon /
_cmises en nouveau langage par Gaston Paris.
260 _aParís :
_b[s.n.],
_c1904 (
_fMesnil-sur-l'Estrée)
300 _aVIII, 315 p., 12 lám ;
_c31 cm.
650 0 7 _aPoesía épica francesa
_2embne
_9136738
650 0 4 _aCantares de gesta-
_zFrancia.
_910749
655 7 _2tgfbne
_aPoesías
_9176539
700 1 _aParis, Gaston,
_d1839-1903
_989136
852 _aES-MaACL
_jB-10798
942 _2udc
999 _c26803
_d26803